|
|
|
|
| LEADER |
00000naa0a2200000 4500 |
| 001 |
659112 |
| 005 |
20250826143255.0 |
| 035 |
|
|
|a (RuTPU)RU\TPU\network\27514
|
| 090 |
|
|
|a 659112
|
| 100 |
|
|
|a 20190117d2018 k y0rusy50 ca
|
| 101 |
0 |
|
|a rus
|
| 102 |
|
|
|a RU
|
| 135 |
|
|
|a drgn ---uucaa
|
| 181 |
|
0 |
|a i
|
| 182 |
|
0 |
|a b
|
| 200 |
1 |
|
|a Виртуальный комплекс досмотрового контроля багажа и ручной клади с функцией распознавания материалов
|f К. А. Конюшков, С. П. Осипов, С. А. Щетинкин
|
| 203 |
|
|
|a Текст
|c электронный
|
| 300 |
|
|
|a Заглавие с титульного листа
|
| 320 |
|
|
|a [Библиогр.: с. 860 (6 назв.)]
|
| 461 |
|
|
|t Фундаментальные проблемы радиоэлектронного приборостроения "Intermatic - 2018"
|o материалы Международной научно-технической конференции, 19-23 Ноября 2018, Москва
|o в 5 ч.
|f Московский государственный технический университет радиотехники, электроники и автоматики (МГТУ МИРЭА)
|d 2017
|
| 463 |
|
|
|t Ч. 4 : Информационные технологии и телекоммуникации
|v [С. 854-860]
|d 2018
|
| 610 |
1 |
|
|a электронный ресурс
|
| 610 |
1 |
|
|a труды учёных ТПУ
|
| 610 |
1 |
|
|a виртуальные комплексы
|
| 610 |
1 |
|
|a досмотровый контроль
|
| 610 |
1 |
|
|a расположение
|
| 700 |
|
1 |
|a Конюшков
|b К. А.
|g Константин Алексеевич
|
| 701 |
|
1 |
|a Осипов
|b С. П.
|c специалист в области неразрушающего контроля
|c ведущий научный сотрудник Томского политехнического университета, кандидат технических наук
|f 1958-
|g Сергей Павлович
|3 (RuTPU)RU\TPU\pers\33974
|9 17547
|
| 701 |
|
1 |
|a Щетинкин
|b С. А.
|g Сергей Александрович
|
| 712 |
0 |
2 |
|a Национальный исследовательский Томский политехнический университет (ТПУ)
|b Институт неразрушающего контроля (ИНК)
|b Российско-китайская научная лаборатория радиационного контроля и досмотра (РКНЛ РКД)
|3 (RuTPU)RU\TPU\col\21551
|
| 801 |
|
2 |
|a RU
|b 63413507
|c 20190117
|g RCR
|
| 856 |
4 |
|
|u https://conf.mirea.ru/CD2018/pdf/p4/3.pdf
|
| 942 |
|
|
|c CF
|